Emoce vítězí nad rozumem

Vzťah emócií a racionálneho rozhodovania. Podstata neuromarketingu. Emócie v komunikačnej praxi. Emocionálna kreativita.

Salvato in:
Dettagli Bibliografici
Autore principale: Součková, Jitka
Natura: Capitolo di libro
Lingua:ceco
Soggetti:
Tags: Aggiungi Tag
Nessun Tag, puoi essere il primo ad aggiungerne!!

MARC

LEADER 00000naa a2200000 4500
001 0167488
005 20231115070202.3
041 0 |a cze 
044 |a CZ 
245 1 0 |a Emoce vítězí nad rozumem  |c Jitka Součková 
520 |a Vzťah emócií a racionálneho rozhodovania. Podstata neuromarketingu. Emócie v komunikačnej praxi. Emocionálna kreativita. 
610 2 0 |a emócie 
610 2 0 |a rozhodovanie 
610 2 0 |a neuromarketing 
610 2 0 |a komunikácia marketingová 
100 1 |a Součková, Jitka